| 000 -LEADER |
| fixed length control field |
00550nam a22002057a 4500 |
| 008 - FIXED-LENGTH DATA ELEMENTS--GENERAL INFORMATION |
| fixed length control field |
131126b xxu||||| |||| 00| 0 eng d |
| 020 ## - INTERNATIONAL STANDARD BOOK NUMBER |
| International Standard Book Number |
040698168X |
| 041 0# - LANGUAGE CODE |
| Language code of text/sound track or separate title |
eng |
| 080 ## - UNIVERSAL DECIMAL CLASSIFICATION NUMBER |
| Universal Decimal Classification number |
343 |
| 100 1# - Rafti |
| Rafti |
Munday, Roderick |
| 240 ## - UNIFORM TITLE |
| Uniform title |
<a href="Butterworths Student Statutes">Butterworths Student Statutes</a> |
| 245 10 - TITLE STATEMENT |
| Title |
Evidence / |
| Statement of responsibility, etc |
Roderick Munday. |
| 250 ## - |
| -- |
third edition |
| 260 ## - |
| -- |
London : |
| -- |
Dublin : |
| -- |
Edinburgh : |
| -- |
Butterworths ; |
| -- |
1998. |
| 300 ## - |
| -- |
488 f. : |
| -- |
25 cm. |
| 500 ## - |
| -- |
Preface : f. V-VI |
| 650 #0 - |
| -- |
E drejta penale |
| 650 #0 - |
| -- |
Kriminalistika |
| 942 ## - ADDED ENTRY ELEMENTS (KOHA) |
| Source of classification or shelving scheme |
|
| Item type |
Books |